[Event "ch-RUS Rapid 2017"]
[Site "Sochi RUS"]
[Date "2017.10.01"]
[Round "6.3"]
[White "Tomashevsky, Evgeny"]
[Black "Potkin, Vladimir"]
[Result "1-0"]
[WhiteTitle "GM"]
[BlackTitle "GM"]
[WhiteElo "2710"]
[BlackElo "2574"]
[WhiteFideId "4147235"]
[BlackFideId "4131061"]
[EventDate "2017.09.30"]

1. d4 d5 2. Nf3 c5 3. e3 Nc6 4. Bd3 Bg4 5. c3 Nf6 6. Nbd2 e5 7. dxe5 Nxe5 8.
Bb5+ Nc6 9. O-O Be7 10. Bxc6+ bxc6 11. Qa4 O-O 12. Ne5 Bd7 13. Nxd7 Qxd7 14. b3
Rfe8 15. e4 Bf8 16. exd5 cxd5 17. Qxd7 Nxd7 18. Nf3 Ne5 19. Nxe5 Rxe5 20. Be3 a5
21. Rab1 a4 22. Rfd1 axb3 23. axb3 f6 24. b4 cxb4 25. cxb4 d4 26. Rxd4 Rb5 27.
Bd2 Rab8 28. h4 Kf7 29. g3 h5 30. Kg2 R8b7 31. Kf3 g5 32. hxg5 fxg5 33. Rc4 Be7
34. Kg2 Rd5 35. Bc3 Rdb5 36. Rc6 Bxb4 37. Rf6+ Ke8 38. Bxb4 Rxb4 39. Re1+ Re7
40. Ra1 h4 41. Ra8+ Kd7 42. Rg6 hxg3 43. Kxg3 Rb5 44. f3 Rf5 45. Rh6 Rff7 46.
Ra7+ Ke8 47. Rh8+ 1-0

[Event "ch-RUS Rapid 2017"]
[Site "Sochi RUS"]
[Date "2017.10.01"]
[Round "6.4"]
[White "Rakhmanov, Aleksandr"]
[Black "Andreikin, Dmitry"]
[Result "1/2-1/2"]
[WhiteTitle "GM"]
[BlackTitle "GM"]
[WhiteElo "2669"]
[BlackElo "2708"]
[WhiteFideId "4173708"]
[BlackFideId "4158814"]
[EventDate "2017.09.30"]

1. c4 e5 2. Nf3 e4 3. Nd4 Nc6 4. Nxc6 dxc6 5. Nc3 Nf6 6. e3 Bd6 7. h3 O-O 8. Qc2
Re8 9. b3 Qe7 10. Bb2 Ba3 11. Bxa3 Qxa3 12. d4 c5 13. Rd1 cxd4 14. Rxd4 Qa5 15.
Qd2 Qe5 16. Rd8 Be6 17. Rxa8 Rxa8 18. Qd4 Qa5 19. Qd2 Qg5 20. g3 c5 21. Qd6 b6
22. Bg2 Bf5 23. O-O Re8 1/2-1/2

[Event "ch-RUS Rapid 2017"]
[Site "Sochi RUS"]
[Date "2017.10.01"]
[Round "6.5"]
[White "Alekseev, Evgeny"]
[Black "Kryakvin, Dmitry"]
[Result "1/2-1/2"]
[WhiteTitle "GM"]
[BlackTitle "GM"]
[WhiteElo "2622"]
[BlackElo "2583"]
[WhiteFideId "4138147"]
[BlackFideId "4153278"]
[EventDate "2017.09.30"]

1. Nf3 c5 2. c4 Nc6 3. d4 cxd4 4. Nxd4 Nf6 5. Nc3 e6 6. a3 Qb6 7. Nb3 d6 8. e4
a6 9. Be2 Be7 10. O-O O-O 11. Bf4 Rd8 12. Rc1 Ne5 13. Qc2 Qc7 14. Nd2 b6 15. Nf3
Bb7 16. Nxe5 dxe5 17. Bg3 Bc5 18. Kh1 Bd4 19. f3 Nh5 20. Bh4 f6 21. Rfd1 g5 22.
Be1 Nf4 23. Bf1 Rac8 24. b4 h5 25. Ne2 Be3 26. Rb1 h4 27. Qc3 Nxe2 28. Qxe3 Nd4
29. Rbc1 Rd7 30. h3 Qd8 31. Rd2 Bc6 32. c5 Bb5 33. Qf2 Rdc7 34. a4 Bxf1 35. Qxf1
bxc5 36. bxc5 Rxc5 37. Rxc5 Rxc5 38. Bf2 Rc6 39. Rd1 Kg7 40. Qd3 Rd6 41. Qc4 Qd7
42. Rb1 Rc6 43. Qb4 Ne2 44. Qb8 Rc8 45. Qb6 Rc6 46. Qb8 Rc8 47. Qb6 Qc6 48. Qa7+
Rc7 49. Qb8 Nf4 50. Kg1 Rd7 51. Kh2 Qc2 52. Qe8 Qxf2 53. Qxd7+ Kh6 54. Rg1 Qg3+
55. Kh1 Nxh3 56. Rf1 Nf2+ 57. Rxf2 Qxf2 58. Qf7 Qe1+ 59. Kh2 Qg3+ 60. Kh1 Qe1+
61. Kh2 1/2-1/2

[Event "ch-RUS Rapid 2017"]
[Site "Sochi RUS"]
[Date "2017.10.01"]
[Round "6.6"]
[White "Alekseenko, Kirill"]
[Black "Rublevsky, Sergei"]
[Result "0-1"]
[WhiteTitle "GM"]
[BlackTitle "GM"]
[WhiteElo "2563"]
[BlackElo "2683"]
[WhiteFideId "4135539"]
[BlackFideId "4115309"]
[EventDate "2017.09.30"]

1. d4 d5 2. Nc3 Nf6 3. Bf4 c5 4. e4 Nxe4 5. Nxe4 dxe4 6. dxc5 Qa5+ 7. c3 Qxc5 8.
Qa4+ Nc6 9. Qxe4 g6 10. Qc4 Qa5 11. Qb5 Bg7 12. Qxa5 Nxa5 13. Bb5+ Nc6 14. O-O-O
Be6 15. Kb1 a6 16. Bxc6+ bxc6 17. Nf3 O-O 18. Be5 Bh6 19. Nd4 Bd5 20. f3 f6 21.
Bg3 e5 22. Nc2 a5 23. Rhe1 Rfd8 24. b3 a4 25. Kb2 c5 26. c4 axb3 27. axb3 Be6
28. Kc3 Bf5 29. Bh4 Rxd1 30. Rxd1 Ra2 31. Ne1 Be3 32. b4 g5 33. Kb3 Re2 34. Bg3
cxb4 35. Kxb4 Bd4 36. Kb3 h5 37. h4 g4 38. Kb4 Rb2+ 39. Ka3 Re2 40. Kb4 Kf7 41.
f4 Ke6 42. fxe5 fxe5 43. Kb5 Be4 44. Nd3 Re3 45. Nc5+ Bxc5 46. Bf2 Rd3 47. Rxd3
Bxf2 48. Rd8 Bxg2 49. c5 g3 50. Rg8 Kf5 51. c6 Bxc6+ 52. Kxc6 e4 53. Kd5 e3 54.
Rf8+ Kg4 55. Ke4 g2 56. Rg8+ Kh3 57. Kd4 0-1

[Event "ch-RUS Rapid 2017"]
[Site "Sochi RUS"]
[Date "2017.10.01"]
[Round "6.7"]
[White "Grachev, Boris"]
[Black "Levin, Evgeny A."]
[Result "1/2-1/2"]
[WhiteTitle "GM"]
[BlackTitle "GM"]
[WhiteElo "2654"]
[BlackElo "2532"]
[WhiteFideId "4129199"]
[BlackFideId "4182596"]
[EventDate "2017.09.30"]

1. c4 Nf6 2. Nc3 g6 3. d4 Bg7 4. e4 d6 5. Bg5 O-O 6. Qd2 Na6 7. Bd3 Qe8 8. Nge2
e5 9. d5 Nd7 10. a3 Nac5 11. Bc2 Nb6 12. b3 f5 13. f3 Bd7 14. Be3 a5 15. a4 Qe7
16. O-O-O Qf7 17. h4 f4 18. Bf2 Kh8 19. Kb1 Be8 20. Nc1 Nbd7 21. h5 g5 22. Nb5
Nb6 23. Nd3 Nxd3 24. Bxd3 Bxb5 25. cxb5 Nd7 26. Rc1 Rfc8 27. b4 axb4 28. Qxb4
Nc5 29. Bxc5 dxc5 30. Qb3 b6 31. Bc4 Qf6 32. d6 Qxd6 33. Rcd1 Qe7 34. h6 Bf8 35.
Rd5 Rd8 36. Rhd1 Rxd5 37. Rxd5 Rd8 38. Qd1 Rd6 39. Kc2 Qd8 40. Kb3 Rxd5 41. Qxd5
Qxd5 42. exd5 Bd6 43. Bd3 Kg8 44. a5 bxa5 45. Ka4 c4 46. Bxc4 Kf7 47. Bd3 Bf8
48. Kxa5 Ke7 49. Kb4 Kd6 50. Kc4 Bxh6 51. Bxh7 Bf8 52. Bf5 Be7 53. Be6 Bf8 54.
Bf7 Be7 55. Be8 Bf8 56. Bc6 Ke7 57. Kd3 Kf6 58. Ke4 Bc5 59. Be8 Bd6 60. Bh5 Bc5
61. Bg4 Bd6 62. Kd3 Ke7 63. Kc4 Ba3 64. Bf5 Kd6 65. Bc2 Bc5 66. Bb3 Ba3 67. Bc2
Bc5 68. Be4 Ba3 69. Kb3 Bc5 70. Ka4 Bb6 71. Kb4 Ke7 1/2-1/2

[Event "ch-RUS Rapid 2017"]
[Site "Sochi RUS"]
[Date "2017.10.01"]
[Round "6.8"]
[White "Iljiushenok, Ilia"]
[Black "Sakaev, Konstantin"]
[Result "0-1"]
[WhiteTitle "IM"]
[BlackTitle "GM"]
[WhiteElo "2519"]
[BlackElo "2594"]
[WhiteFideId "24105074"]
[BlackFideId "4104226"]
[EventDate "2017.09.30"]

1. e4 e6 2. d4 d5 3. Nc3 Nf6 4. e5 Nfd7 5. f4 c5 6. Nf3 Nc6 7. Be3 cxd4 8. Nxd4
Bc5 9. Qd2 O-O 10. O-O-O a6 11. Qf2 Bxd4 12. Bxd4 b5 13. Be3 Qa5 14. Kb1 b4 15.
Ne2 Qc7 16. Nd4 Nxd4 17. Bxd4 a5 18. Bd3 Ba6 19. f5 Bxd3 20. cxd3 exf5 21. Rc1
Qb7 22. Qxf5 Rfe8 23. Rhe1 Nf8 24. Bc5 Ne6 25. Bd6 Rac8 26. Qf3 h6 27. h4 b3 28.
a3 Rc2 29. Qe3 Rec8 30. d4 R8c4 31. g4 Qc6 32. Rcd1 Rxb2+ 0-1

[Event "ch-RUS Rapid 2017"]
[Site "Sochi RUS"]
[Date "2017.10.01"]
[Round "6.9"]
[White "Bocharov, Dmitry"]
[Black "Moiseenko, Vadim"]
[Result "1-0"]
[WhiteTitle "GM"]
[BlackTitle "IM"]
[WhiteElo "2585"]
[BlackElo "2558"]
[WhiteFideId "4138716"]
[BlackFideId "4123700"]
[EventDate "2017.09.30"]

1. Nf3 Nf6 2. c4 c6 3. g3 d5 4. Bg2 Bf5 5. cxd5 cxd5 6. Qb3 Bc8 7. O-O Nc6 8. d3
e6 9. Nc3 Be7 10. e4 O-O 11. Bf4 Na5 12. Qc2 Nc6 13. e5 Nd7 14. d4 Re8 15. Rfe1
Nf8 16. h4 Bd7 17. h5 Rc8 18. h6 g6 19. Rad1 b5 20. Qe2 a6 21. Qe3 Na5 22. b3 b4
23. Ne2 Bb5 24. Bf1 Nc6 25. Bg5 Nd7 26. Bxe7 Nxe7 27. Qf4 Nf5 28. Nc1 Bxf1 29.
Rxf1 Qe7 30. Nd3 Rc3 31. Kg2 a5 32. Rh1 Qf8 33. g4 Ne7 34. Rd2 f6 35. exf6 Qxf6
36. Qxf6 Nxf6 37. Nfe5 Ne4 38. Re2 Nc6 39. Nxc6 Rxd3 40. Rc1 Nc3 41. Rec2 Nb5
42. Ne5 Rxd4 43. Rc8 Kf8 44. Nxg6+ Kf7 45. Ne5+ Kf6 46. Rxe8 Kxe5 47. Re1+ Kf6
48. R1xe6+ Kg5 49. Rg8+ Kh4 50. Re3 Rxg4+ 51. Rxg4+ Kxg4 52. Re7 d4 53. Rxh7 Kg5
54. Rb7 1-0

[Event "ch-RUS Rapid 2017"]
[Site "Sochi RUS"]
[Date "2017.10.01"]
[Round "6.10"]
[White "Timofeev, Artyom"]
[Black "Korchmar, Vasiliy"]
[Result "1-0"]
[WhiteTitle "GM"]
[BlackTitle "IM"]
[WhiteElo "2549"]
[BlackElo "2399"]
[WhiteFideId "4140419"]
[BlackFideId "24131750"]
[EventDate "2017.09.30"]

1. c4 e5 2. d3 Nf6 3. Bg5 h6 4. Bxf6 Qxf6 5. Nc3 g6 6. g3 Bg7 7. Bg2 O-O 8. Nf3
d6 9. O-O Nc6 10. Nd2 Qd8 11. Nd5 Ne7 12. Nxe7+ Qxe7 13. b4 c6 14. Rb1 a6 15. a4
Bd7 16. c5 d5 17. e4 Be6 18. exd5 Bxd5 19. Bxd5 cxd5 20. a5 f5 21. Qb3 Rad8 22.
Rbc1 f4 23. c6 bxc6 24. Rxc6 Kh7 25. Rxa6 e4 26. dxe4 dxe4 27. Qc2 Rd4 28. Rc6
Qxb4 29. Nc4 Qb7 30. Nd6 Qb4 31. Nc4 Qb7 32. Nb6 Rf7 33. Re1 fxg3 34. hxg3 Re7
35. Nc8 Red7 36. a6 Qb4 37. Rb1 Qa3 38. a7 Rxa7 39. Nxa7 Qxa7 40. Rc7 1-0

[Event "ch-RUS Rapid 2017"]
[Site "Sochi RUS"]
[Date "2017.10.01"]
[Round "6.11"]
[White "Lugovskoy, Maxim"]
[Black "Kobalia, Mikhail"]
[Result "0-1"]
[WhiteTitle "GM"]
[BlackTitle "GM"]
[WhiteElo "2474"]
[BlackElo "2596"]
[WhiteFideId "24126454"]
[BlackFideId "4119150"]
[EventDate "2017.09.30"]

1. e4 c5 2. Nf3 e6 3. c3 Nf6 4. e5 Nd5 5. d4 cxd4 6. cxd4 d6 7. Bc4 Nb6 8. Bd3
Nc6 9. Bg5 Be7 10. Bxe7 Qxe7 11. Nc3 dxe5 12. dxe5 Bd7 13. O-O Nb4 14. Be4 Rd8
15. Qe2 Bc6 16. Bxc6+ Nxc6 17. Rfd1 O-O 18. Ne4 Rxd1+ 19. Rxd1 Nd5 20. g3 h6 21.
a3 Rd8 22. b4 Qc7 23. Rc1 Qb6 24. Nc5 a6 25. Kg2 Nce7 26. Na4 Qa7 27. Nc5 Nf5
28. Kg1 a5 29. bxa5 Qxa5 30. a4 Rc8 31. Qb5 Qxb5 32. axb5 b6 33. Nb3 Rxc1+ 34.
Nxc1 Nc3 35. Nd2 Nd4 36. Nc4 Nd5 37. f4 Nxb5 38. Nb3 Kf8 39. Kf2 Nbc3 40. Nd6 b5
41. Kf3 b4 42. g4 Ke7 43. h4 f6 44. h5 fxe5 45. fxe5 Na4 46. g5 hxg5 47. Kg4 Nb2
48. Kxg5 Nd3 49. Nc4 N3f4 50. Nd6 Nh3+ 51. Kg4 Nhf4 52. Kg5 Kd7 53. Kg4 Nd3 54.
Nc4 Kc6 55. Kg5 Kb5 56. Nbd2 Kc5 57. Kg6 N5f4+ 58. Kxg7 Nxh5+ 59. Kf7 Nhf4 60.
Kf6 Kd4 61. Nd6 Nc5 62. Nf3+ Kd3 63. Ne1+ Kd2 64. Nf3+ Ke3 65. Ng5 b3 66. Kf7
Kd3 67. Nf3 b2 68. Ne1+ Ke2 0-1

[Event "ch-RUS Rapid 2017"]
[Site "Sochi RUS"]
[Date "2017.10.01"]
[Round "6.12"]
[White "Krylov, Mikhail RUS"]
[Black "Rozum, Ivan"]
[Result "0-1"]
[WhiteTitle "GM"]
[BlackTitle "GM"]
[WhiteElo "2476"]
[BlackElo "2590"]
[WhiteFideId "4151364"]
[BlackFideId "24104272"]
[EventDate "2017.09.30"]

1. d4 Nf6 2. c4 d6 3. Nc3 e5 4. d5 Be7 5. e4 O-O 6. g3 Nfd7 7. Nge2 Bg5 8. f4
exf4 9. gxf4 Bh4+ 10. Ng3 f5 11. Bg2 Nf6 12. O-O Bxg3 13. hxg3 fxe4 14. Nxe4
Nxe4 15. Bxe4 Nd7 16. Bd2 Nf6 17. Bf3 Bf5 18. Bc3 Qe8 19. Qd4 Qg6 20. Kf2 b6 21.
Rae1 Rae8 22. Rh1 Be4 23. Rhf1 Bxf3 24. Kxf3 Rxe1 25. Rxe1 Qg4+ 26. Kf2 Nh5 27.
Re3 Nxf4 28. Qxg7+ Qxg7 29. Bxg7 Kxg7 30. Re7+ Kg6 31. gxf4 0-1

[Event "ch-RUS Rapid 2017"]
[Site "Sochi RUS"]
[Date "2017.10.01"]
[Round "6.13"]
[White "Kezin, Roman"]
[Black "Sjugirov, Sanan"]
[Result "1/2-1/2"]
[WhiteTitle "FM"]
[BlackTitle "GM"]
[WhiteElo "2455"]
[BlackElo "2650"]
[WhiteFideId "24124621"]
[BlackFideId "4189302"]
[EventDate "2017.09.30"]

1. d4 Nf6 2. c4 e6 3. g3 d5 4. Bg2 Bb4+ 5. Bd2 Be7 6. Nf3 O-O 7. O-O c6 8. Qc2
b6 9. Rd1 Nbd7 10. Bf4 Ba6 11. Ne5 Rc8 12. Nc3 Bxc4 13. Nxc4 dxc4 14. e4 b5 15.
a4 a6 16. axb5 axb5 17. d5 cxd5 18. exd5 e5 19. Bg5 Bc5 20. Ra6 h6 21. Bh4 Bb6
22. d6 g5 23. Bxg5 hxg5 24. Qf5 Kh8 25. Qxg5 Bd4 26. Be4 Bxc3 27. Qh6+ Kg8 28.
Qg5+ 1/2-1/2

[Event "ch-RUS Rapid 2017"]
[Site "Sochi RUS"]
[Date "2017.10.01"]
[Round "6.14"]
[White "Fedoseev, Vladimir3"]
[Black "Cherniaev, Alexander"]
[Result "1-0"]
[WhiteTitle "GM"]
[BlackTitle "GM"]
[WhiteElo "2731"]
[BlackElo "2436"]
[WhiteFideId "24130737"]
[BlackFideId "4117301"]
[EventDate "2017.09.30"]

1. e4 c5 2. b3 g6 3. Bb2 Nf6 4. e5 Nd5 5. d4 cxd4 6. Qxd4 Nc7 7. Nf3 Bg7 8. Nc3
Nc6 9. Qe3 d6 10. exd6 Qxd6 11. Nb5 Qb4+ 12. c3 Qa5 13. b4 Qxb5 14. Bxb5 Nxb5
15. O-O-O O-O 16. c4 Bxb2+ 17. Kxb2 Nd6 18. Qf4 Be6 19. c5 Nc4+ 20. Kc3 a5 21.
b5 Nb4 22. Ng5 Nxa2+ 23. Kb3 Nd2+ 24. Kb2 1-0

[Event "ch-RUS Rapid 2017"]
[Site "Sochi RUS"]
[Date "2017.10.01"]
[Round "6.15"]
[White "Sorokin, Aleksey"]
[Black "Savchenko, Boris"]
[Result "0-1"]
[WhiteTitle "FM"]
[BlackTitle "GM"]
[WhiteElo "2486"]
[BlackElo "2581"]
[WhiteFideId "24176460"]
[BlackFideId "4147332"]
[EventDate "2017.09.30"]

1. d4 Nf6 2. c4 g6 3. Nc3 d5 4. Bg5 Ne4 5. Bh4 Nxc3 6. bxc3 dxc4 7. e3 Be6 8.
Be2 Nd7 9. Nf3 Nb6 10. O-O Bg7 11. Qc2 O-O 12. Nd2 c5 13. dxc5 Nd5 14. Bxc4 Qc7
15. Bxd5 Bxd5 16. Nb3 b6 17. c4 Bxa1 18. cxd5 Be5 19. f4 Bg7 20. c6 e6 21. e4
exd5 22. exd5 Qd6 23. Rd1 Rfe8 24. a4 Re3 25. Rd3 Rxd3 26. Qxd3 Qxf4 27. Bg3
Qxa4 28. Nd2 Bd4+ 29. Kh1 Qd1+ 30. Qf1 Qxd2 31. d6 Qc3 32. c7 Be5 33. Qd1 Bxg3
34. hxg3 Qc6 35. Qf3 Qc1+ 36. Kh2 Re8 37. Qf4 Qc6 38. Qg4 h5 39. d7 hxg4 0-1

[Event "ch-RUS Rapid 2017"]
[Site "Sochi RUS"]
[Date "2017.10.01"]
[Round "6.16"]
[White "Gochelashvili, David"]
[Black "Pridorozhni, Aleksei"]
[Result "1-0"]
[WhiteTitle "IM"]
[BlackTitle "GM"]
[WhiteElo "2432"]
[BlackElo "2565"]
[WhiteFideId "4161203"]
[BlackFideId "4127870"]
[EventDate "2017.09.30"]

1. d4 d5 2. Nf3 Nf6 3. Bf4 e6 4. e3 c5 5. c3 Nc6 6. Nbd2 Bd6 7. Bg3 O-O 8. Bd3
b6 9. e4 Be7 10. exd5 exd5 11. O-O Bg4 12. h3 Bd7 13. Re1 c4 14. Bc2 Nh5 15. Bh2
g6 16. Ne5 Ng7 17. b3 cxb3 18. axb3 Nxe5 19. Bxe5 a5 20. b4 Rc8 21. bxa5 bxa5
22. Nb3 Rxc3 23. Nc5 Ne6 24. Qd2 Rc4 25. Bb3 Rb4 26. Bxd5 Nxc5 27. dxc5 Bf6 28.
Rxa5 Rh4 29. Ra8 Bg5 30. f4 Qe7 31. Bd6 1-0

[Event "ch-RUS Rapid 2017"]
[Site "Sochi RUS"]
[Date "2017.10.01"]
[Round "6.17"]
[White "Demidov, Mikhail"]
[Black "Novikov, Maxim"]
[Result "1-0"]
[WhiteTitle "IM"]
[BlackTitle "GM"]
[WhiteElo "2521"]
[BlackElo "2501"]
[WhiteFideId "4197143"]
[BlackFideId "4161289"]
[EventDate "2017.09.30"]

1. Nf3 Nf6 2. g3 c5 3. Bg2 Nc6 4. O-O g6 5. b3 Bg7 6. Bb2 O-O 7. c4 d6 8. Nc3
Rb8 9. d4 cxd4 10. Nxd4 Bd7 11. Nxc6 Bxc6 12. Qd2 Qa5 13. Rfd1 Rfc8 14. Rac1 a6
15. e4 b5 16. cxb5 axb5 17. a3 Qa8 18. Nd5 Nxd5 19. Bxg7 Kxg7 20. exd5 Bd7 21.
Qb4 Rb7 22. h3 Kg8 23. Re1 Be8 24. h4 Rbc7 25. Rxc7 Rxc7 26. h5 Qa7 27. h6 Kf8
28. Bf1 Rc2 29. Qf4 Ra2 30. Rc1 Qb7 31. Qd4 f6 32. g4 Qd7 33. g5 Qf5 34. Qe3
Qg4+ 35. Qg3 Qxg3+ 36. fxg3 Rxa3 37. gxf6 exf6 38. Rc7 Rxb3 39. Rxh7 Rxg3+ 40.
Kf2 Rg4 41. Be2 Rh4 42. Kg3 g5 43. Rh8+ Kf7 44. Bg4 f5 45. Bxf5 Kf6 46. h7 Bf7
47. Be6 Bxe6 48. dxe6 Kxe6 1-0

[Event "ch-RUS Rapid 2017"]
[Site "Sochi RUS"]
[Date "2017.10.01"]
[Round "6.18"]
[White "Sarana, Alexey"]
[Black "Moskalenko, Alexander"]
[Result "1-0"]
[WhiteTitle "GM"]
[BlackTitle "IM"]
[WhiteElo "2541"]
[BlackElo "2531"]
[WhiteFideId "24133795"]
[BlackFideId "4155351"]
[EventDate "2017.09.30"]

1. d4 b6 2. e4 Bb7 3. Bd3 e6 4. c4 Bb4+ 5. Kf1 Be7 6. Nc3 d6 7. Nf3 Nd7 8. h4
Ngf6 9. h5 O-O 10. Qe2 e5 11. d5 c6 12. Nh4 cxd5 13. exd5 Nc5 14. Nf5 Nxd3 15.
Qxd3 Bc8 16. Nxe7+ Qxe7 17. h6 Re8 18. Bg5 e4 19. Qg3 Ba6 20. b3 e3 21. Bxe3 g6
22. Bg5 Ne4 23. Nxe4 Qxe4 24. Qxd6 Qd3+ 25. Kg1 Re6 26. Qf4 Re4 27. Qf6 Qd4 28.
Qxd4 Rxd4 29. Re1 b5 30. Bf6 Rf4 31. Be5 Re8 32. d6 Bc8 33. Re3 Rg4 34. f3 Rg5
35. f4 Rg4 36. c5 f6 37. Bd4 Bd7 38. Rxe8+ Bxe8 39. Be3 Bc6 40. Rh2 g5 41. fxg5
f5 42. Kf2 f4 43. Bd2 Rxg5 44. b4 Rg4 45. Bc3 Kf7 46. a3 Ke6 47. Bg7 Kd7 48. Bf6
Ke6 49. Bd8 Kd7 50. Be7 Ke6 51. Bh4 Kd7 52. Kf1 Bd5 53. Bf2 a6 54. Rh5 Bxg2+ 55.
Ke1 Rg6 56. Rf5 Ke6 57. Rxf4 Rxh6 58. Rf8 Bc6 59. Rc8 Kd5 60. Rc7 Re6+ 61. Kd2
Rf6 62. Be3 Rf8 63. Bg5 Rf2+ 64. Ke1 Rg2 65. d7 Bxd7 66. Rxd7+ Kc4 67. Be3 Kb3
68. c6 Rg8 69. c7 Rc8 70. Bb6 1-0

[Event "ch-RUS Rapid 2017"]
[Site "Sochi RUS"]
[Date "2017.10.01"]
[Round "6.19"]
[White "Popov, Mikhail"]
[Black "Vastrukhin, Oleg"]
[Result "1-0"]
[WhiteTitle "FM"]
[WhiteElo "2416"]
[BlackElo "2386"]
[WhiteFideId "4146182"]
[BlackFideId "4192770"]
[EventDate "2017.09.30"]

1. d4 g6 2. c4 Bg7 3. Nc3 d6 4. e4 Nc6 5. Be3 e5 6. Nge2 exd4 7. Nxd4 Nge7 8.
Be2 O-O 9. O-O Nxd4 10. Bxd4 Bxd4 11. Qxd4 Nc6 12. Qd2 Be6 13. Nd5 Bxd5 14. cxd5
Ne5 15. f4 Nd7 16. f5 Qh4 17. Rf4 Qh6 18. Raf1 Rae8 19. fxg6 hxg6 20. Qc2 g5 21.
Rf5 Nc5 22. e5 a5 23. Qc1 f6 24. Rxf6 Rxf6 25. Rxf6 Qh4 26. Rg6+ Kh7 27. Rxg5
Qd4+ 28. Kh1 Rxe5 29. Rxe5 dxe5 30. h3 Qxd5 31. Qg5 Ne4 32. Qh4+ Kg7 33. Bf3
Qxa2 34. Qe7+ Qf7 35. Qxf7+ Kxf7 36. Bxe4 b5 37. Bc6 b4 38. g4 Ke6 39. h4 Kd6
40. h5 1-0

[Event "ch-RUS Rapid 2017"]
[Site "Sochi RUS"]
[Date "2017.10.01"]
[Round "6.20"]
[White "Hasangatin, Ramil"]
[Black "Savitskiy, Sergey"]
[Result "1-0"]
[WhiteTitle "GM"]
[BlackTitle "IM"]
[WhiteElo "2496"]
[BlackElo "2412"]
[WhiteFideId "4122160"]
[BlackFideId "24105660"]
[EventDate "2017.09.30"]

1. d4 Nf6 2. Nf3 g6 3. Nc3 d5 4. Bf4 Bg7 5. Nb5 Na6 6. e3 O-O 7. h3 Ne4 8. c3 c5
9. a4 c4 10. b3 cxb3 11. Qxb3 Bf5 12. Be2 Qa5 13. O-O Rfd8 14. Rfc1 Be6 15. c4
dxc4 16. Bxc4 Bxc4 17. Rxc4 Rd7 18. Rac1 Qd8 19. Nxa7 Qe8 20. Rc8 Rd8 21. Qxb7
Raxc8 22. Rxc8 1-0

[Event "ch-RUS Rapid 2017"]
[Site "Sochi RUS"]
[Date "2017.10.01"]
[Round "6.21"]
[White "Shubin, Kirill"]
[Black "Smagin, Sergey"]
[Result "1-0"]
[WhiteTitle "FM"]
[BlackTitle "GM"]
[WhiteElo "2375"]
[BlackElo "2551"]
[WhiteFideId "34119962"]
[BlackFideId "4100425"]
[EventDate "2017.09.30"]

1. e4 d5 2. exd5 Nf6 3. Nf3 Nxd5 4. d4 g6 5. Be2 Bg7 6. O-O O-O 7. c4 Nb6 8. Nc3
Nc6 9. d5 Ne5 10. c5 Nbd7 11. Be3 Re8 12. Nxe5 Nxe5 13. f4 Nd7 14. c6 Nb6 15.
Bb5 Rf8 16. Bc5 a6 17. cxb7 Bxb7 18. Bc6 Bxc6 19. dxc6 Re8 20. Qf3 Qc8 21. Rad1
Rb8 22. b3 Qf5 23. Bxb6 Rxb6 24. Nd5 Rbb8 25. Nxc7 Rec8 26. Nd5 Bf8 27. c7 Rb5
28. a4 Rc5 29. b4 R5xc7 30. Nxc7 Rxc7 31. Rd8 Rc8 32. Rxc8 Qxc8 33. f5 Qc4 34.
Rb1 Qc2 35. Qb3 Qxf5 36. Rf1 Qe6 37. Qxe6 fxe6 38. b5 axb5 39. axb5 Bg7 40. Rd1
Kf7 41. b6 Be5 42. b7 Ke8 43. Rc1 1-0

[Event "ch-RUS Rapid 2017"]
[Site "Sochi RUS"]
[Date "2017.10.01"]
[Round "6.22"]
[White "Artemiev, Vladislav"]
[Black "Zhitnikov, Konstantin"]
[Result "1-0"]
[WhiteTitle "GM"]
[BlackTitle "FM"]
[WhiteElo "2692"]
[BlackElo "2268"]
[WhiteFideId "24101605"]
[BlackFideId "34152846"]
[EventDate "2017.09.30"]

1. Nf3 d5 2. g3 Nf6 3. Bg2 c6 4. O-O Bg4 5. h3 Bh5 6. d3 Nbd7 7. Qe1 Bxf3 8.
Bxf3 e5 9. e4 dxe4 10. dxe4 Be7 11. Nd2 O-O 12. a4 a5 13. Nc4 Qc7 14. Bd2 b6 15.
Qe2 Nc5 16. Bc3 Nfd7 17. Rfd1 Rfd8 18. Bg4 f6 19. Bd2 Nf8 20. Be3 Rxd1+ 21. Qxd1
Rb8 22. Qe2 Nce6 23. h4 Bc5 24. Bxc5 Nxc5 25. Nxa5 bxa5 26. Qc4+ Qf7 27. Qxc5
Rxb2 28. Rd1 h5 29. Be2 Ne6 30. Qxc6 Nd4 31. Rxd4 1-0

[Event "ch-RUS Rapid 2017"]
[Site "Sochi RUS"]
[Date "2017.10.01"]
[Round "6.24"]
[White "Chos, Alexey"]
[Black "Popov, Ivan RUS"]
[Result "0-1"]
[WhiteTitle "IM"]
[BlackTitle "GM"]
[WhiteElo "2317"]
[BlackElo "2599"]
[WhiteFideId "14117762"]
[BlackFideId "4170350"]
[EventDate "2017.09.30"]

1. e4 c5 2. Nf3 e6 3. d4 cxd4 4. Nxd4 Nc6 5. Nxc6 bxc6 6. Bd3 Nf6 7. O-O d5 8.
e5 Nd7 9. Re1 Qc7 10. Bf4 f5 11. g4 Nc5 12. Nd2 Be7 13. gxf5 O-O 14. f6 Nxd3 15.
cxd3 Bxf6 16. Bg3 Be7 17. d4 c5 18. dxc5 Bxc5 19. Nb3 Bb6 20. Rc1 Qe7 21. Qd2 d4
22. Nxd4 Bb7 23. Nc6 Qf7 24. b4 a6 25. a4 Qf3 26. Rc3 Qg4 27. Rf1 Rf3 28. Rxf3
Qxf3 29. b5 axb5 30. axb5 Rd8 31. Qf4 Bxf2+ 32. Bxf2 Qxf4 33. Bg3 Qe3+ 34. Bf2
Qe4 35. Re1 Qg4+ 0-1

[Event "ch-RUS Rapid 2017"]
[Site "Sochi RUS"]
[Date "2017.10.01"]
[Round "6.25"]
[White "Zvjaginsev, Vadim"]
[Black "Derjabin, Ilja"]
[Result "1-0"]
[WhiteTitle "GM"]
[BlackTitle "IM"]
[WhiteElo "2643"]
[BlackElo "2360"]
[WhiteFideId "4113403"]
[BlackFideId "14104768"]
[EventDate "2017.09.30"]

1. e4 e6 2. Qe2 Be7 3. g3 d5 4. d3 dxe4 5. dxe4 Nf6 6. e5 Nd5 7. Nf3 O-O 8. Bg2
b5 9. O-O Ba6 10. Rd1 b4 11. Qe1 Nc6 12. a3 bxa3 13. Nxa3 Qc8 14. Bg5 Rb8 15.
Bxe7 Ncxe7 16. b3 Nf5 17. Nd4 Nxd4 18. Rxd4 c5 19. Rh4 Ne7 20. Nc4 Nf5 21. Nd6
Nxd6 22. exd6 Rb6 23. Qe5 f6 24. Qh5 h6 25. Qg6 Qe8 26. Qxe8 Rxe8 27. Rha4 Bb5
28. Rxa7 Rxd6 29. Rc7 Red8 30. Bf3 Rd2 31. Rxc5 Be2 32. Kg2 R8d7 33. b4 Bxf3+
34. Kxf3 g5 35. b5 f5 36. Rb1 e5 37. b6 g4+ 38. Kg2 f4 39. gxf4 exf4 40. b7 f3+
41. Kg3 1-0

[Event "ch-RUS Rapid 2017"]
[Site "Sochi RUS"]
[Date "2017.10.01"]
[Round "6.26"]
[White "Alexeev, Alexey"]
[Black "Tsydypov, Zhamsaran"]
[Result "1-0"]
[WhiteTitle "IM"]
[BlackTitle "IM"]
[WhiteElo "2299"]
[BlackElo "2529"]
[WhiteFideId "14106663"]
[BlackFideId "4108566"]
[EventDate "2017.09.30"]

1. e4 g6 2. d4 Bg7 3. Nf3 d6 4. Nc3 Nf6 5. Be2 O-O 6. O-O c6 7. a4 Qc7 8. Re1 e5
9. Bf1 Nbd7 10. h3 Re8 11. dxe5 dxe5 12. Be3 Nf8 13. Bc4 Ne6 14. Ng5 h6 15. Nxe6
Bxe6 16. Qe2 a5 17. Rad1 Kh7 18. Rd2 Rad8 19. Red1 Rxd2 20. Rxd2 Bf8 21. Bxe6
Rxe6 22. Qc4 Qe7 23. Na2 Qc7 24. c3 Kg7 25. Nc1 Ne8 26. f3 Nd6 27. Qe2 Re8 28.
b3 b5 29. Ra2 Kh7 30. Nd3 Nb7 31. Qf2 Qd6 32. Rd2 Qa3 33. Qg3 Qa1+ 34. Kh2 Qxc3
35. f4 Nd6 36. Nc5 bxa4 37. f5 gxf5 38. Nd7 Nxe4 39. Qf3 Nxd2 40. Qxf5+ Kh8 41.
Bxh6 Bxh6 42. Nf6 Bf4+ 1-0